BIBLIOTECA

SENCICO

Diseño gráfico 2 (Registro nro. 280)

Detalles MARC
000 -LEADER
fixed length control field 00823nam a2200253Ia 4500
005 - DATE AND TIME OF LATEST TRANSACTION
control field 20251020182432.0
008 - FIXED-LENGTH DATA ELEMENTS--GENERAL INFORMATION
fixed length control field 200515s9999 xx 000 0 und d
020 ## - INTERNATIONAL STANDARD BOOK NUMBER
International Standard Book Number 84-8076-044-3
082 ## - DEWEY DECIMAL CLASSIFICATION NUMBER
Classification number 348.773/B62/2
110 ## - MAIN ENTRY--CORPORATE NAME
Corporate name or jurisdiction name as entry element BLUME
245 #0 - TITLE STATEMENT
Title Diseño gráfico 2
250 ## - EDITION STATEMENT
Edition statement 1a ed.
260 ## - PUBLICATION, DISTRIBUTION, ETC.
Place of publication, distribution, etc. Barcelona
260 ## - PUBLICATION, DISTRIBUTION, ETC.
Name of publisher, distributor, etc. BLUME
260 ## - PUBLICATION, DISTRIBUTION, ETC.
Date of publication, distribution, etc. 1994
300 ## - PHYSICAL DESCRIPTION
Extent 94
300 ## - PHYSICAL DESCRIPTION
Other physical details il., graf.
490 ## - SERIES STATEMENT
Series statement Biblioteca del diseño gráfico
500 ## - GENERAL NOTE
General note 1 ejemplar. Tomo II
520 ## - SUMMARY, ETC.
Summary, etc. Describe y conceptualiza la tarea del diseñador gráfico en la época actual, considera los elementos y las técnicas necesarias que hacen de esta profesión estimulante e imaginativa. Los dos tomos contienen una profusa cantidad de graf. que acompañan las ci
650 ## - SUBJECT ADDED ENTRY--TOPICAL TERM
Topical term or geographic name entry element DISEÑO GRAFICO
942 ## - ADDED ENTRY ELEMENTS (KOHA)
Koha item type Libros
Existencias
Fecha de la última vez que lo usaron Pago total Signatura topográfica completa Código de barras Precio efectivo desde Tipo de documento Estado perdido Estado dañado No es para préstamo Retirado Ubicación permanente Ubicación actual Fecha de adquisición
15/05/2020   348.773/B62/2 Bib-Lima15050280 15/05/2020 Libros         Biblioteca Central Lima Biblioteca Central Lima 15/05/2020